000 00353nam a2200133Ia 4500
005 20251222141832.0
008 251222s9999||||xx |||||||||||||| ||spa||
020 _a84-95359-26-X
082 _a927.8/B17
100 _aBalcells Comas, P. A.
245 0 _aAutorretrato de Mozart a través de su correspondencia
264 _bQuaderns Crema,
942 _cLIB
999 _c7145
_d7145